The Smurfs: a smurfin' big adventure! (Record no. 121966)
[ view plain ]
| 000 -LÍDER | |
|---|---|
| campo de controle de tamanho fixo | 01009 a2200229 4500 |
| 001 - NÚMERO DE CONTROLE | |
| campo de controle | 121966 |
| 020 ## - ISBN - INTERNATIONAL STANDARD BOOK NUMBER | |
| ISBN - International Standard Book Number | 9781442422742 |
| 040 ## - FONTE DA CATALOGAÇÃO | |
| Instituição que transcreveu o registro | Escola Canadense de Niteroi |
| 090 ## - NÚMERO DE CHAMADA LOCAL | |
| Número de chamada (OCLC) (R); Número de chamada, CALL (RLIN) (NR) | T2 - ALE |
| 100 ## - ENTRADA PRINCIPAL--NOME PESSOAL | |
| Nome pessoal | Alexander, Fern |
| 245 10 - TÍTULO | |
| Título | The Smurfs: a smurfin' big adventure! |
| 260 ## - PUBLICAÇÃO, DISTRIBUIÇÃO, ETC. | |
| Local de publicação, distribuição, etc. | New York |
| 300 ## - DESCRIÇÃO FÍSICA | |
| Extensão | 24 p. |
| Dimensões | 8 x 0.2 x 8 inches |
| 362 0# - DATAS DE PUBLICAÇÃO E/OU DESIGNAÇÃO SEQUENCIAL | |
| Datas de publicação e/ou designação sequencial | 2011 |
| 490 0# - TÍTULO DA SÉRIE | |
| Título da série | The smurfs |
| 520 ## - NOTA DE RESUMO, ETC | |
| Resumo, etc. | It’s the smurfiest night of the year—the Blue Moon Festival—and everyone in Smurf Village is excited! But just as the blue moon begins to rise, the evil wizard Gargamel appears and chases Papa Smurf, Clumsy, Brainy, Gutsy, Grouchy, and Smurfette through a magical portal and into a world they’ve never seen before. Can the Smurfs navigate this strange world and smurf a blue moon to bring them back to their village before Gargamel catches them? |
| 650 #4 - ASSUNTO--TERMO TÓPICO | |
| Cabeçalho tópico ou nome geográfico | Good and evil |
| 650 #4 - ASSUNTO--TERMO TÓPICO | |
| Cabeçalho tópico ou nome geográfico | Books That Have Movies |
| 650 #4 - ASSUNTO--TERMO TÓPICO | |
| Cabeçalho tópico ou nome geográfico | Children's Literature |
| 650 #4 - ASSUNTO--TERMO TÓPICO | |
| Cabeçalho tópico ou nome geográfico | Action or Adventure |
| 942 ## - ELEMENTOS DE ENTRADA ADICIONADOS (KOHA) | |
| Tipo de material Koha | Livros |
| Situação do descarte | Situação das perdas | Situação física | Não pode ser emprestado | Biblioteca de origem | Biblioteca atual | Data de aquisição | Total de empréstimos | Número de chamada completo | Código de barras | Data de último acesso | Data do preço efetivo | Tipo de material Koha |
|---|---|---|---|---|---|---|---|---|---|---|---|---|
| Canadian School of Niterói - Piratininga | Canadian School of Niterói - Piratininga | 09/02/2024 | T2 - ALE | A19669 | 09/02/2024 | 09/02/2024 | Livros |